IFM Opac

The influence of law on sea power. (Record no. 17060)

MARC details
000 -LEADER
fixed length control field 00351nam a22001337a 4500
020 ## - INTERNATIONAL STANDARD BOOK NUMBER
International Standard Book Number 0719006155
082 ## - DEWEY DECIMAL CLASSIFICATION NUMBER
Classification number 341.448OCO.
100 ## - MAIN ENTRY--PERSONAL NAME
Personal name D.P O'Connell.
245 ## - TITLE STATEMENT
Title The influence of law on sea power.
260 ## - PUBLICATION, DISTRIBUTION, ETC.
Place of publication, distribution, etc. Oxford.
Name of publisher, distributor, etc. University of Manchester.
Date of publication, distribution, etc. 1975.
300 ## - PHYSICAL DESCRIPTION
Extent xv, 204p.
Other physical details 21cm.
500 ## - GENERAL NOTE
General note Includes bibliography and index.
942 ## - ADDED ENTRY ELEMENTS (KOHA)
Koha item type Books
Holdings
Withdrawn status Lost status Source of classification or shelving scheme Damaged status Not for loan Home library Current library Shelving location Date acquired Full call number Barcode Date last seen Price effective from Koha item type
    Dewey Decimal Classification     IFM Main Campus Library IFM Main Campus Library   05/04/2017 341.448OCO. 0000008474 05/04/2017 05/04/2017 Books